Rôle et fonctions du mokambi (responsable laïc) de paroisse : (Record no. 119107)
[ view plain ]
| 000 -LEADER | |
|---|---|
| fixed length control field | 01009nam a2200241 a 4500 |
| 001 - CONTROL NUMBER | |
| control field | 1958612 |
| 003 - CONTROL NUMBER IDENTIFIER | |
| control field | ARRUPE |
| 005 - DATE AND TIME OF LATEST TRANSACTION | |
| control field | 20131205141036.0 |
| 008 - FIXED-LENGTH DATA ELEMENTS--GENERAL INFORMATION | |
| fixed length control field | 871215s1985 cg 000 0 fre |
| 010 ## - LIBRARY OF CONGRESS CONTROL NUMBER | |
| LC control number | 87210589 |
| 040 ## - CATALOGING SOURCE | |
| Original cataloging agency | DLC |
| Transcribing agency | DLC |
| Modifying agency | DLC |
| 050 00 - LIBRARY OF CONGRESS CALL NUMBER | |
| Classification number | BX1913. |
| Item number | R745 1985 |
| 300 ## - PHYSICAL DESCRIPTION | |
| Dimensions | 21 cm. |
| 110 2# - MAIN ENTRY--CORPORATE NAME | |
| Corporate name or jurisdiction name as entry element | Catholic Church. |
| Subordinate unit | Archdiocese of Kinshasa (Zaire). |
| -- | Commission des ministères laïcs. |
| 9 (RLIN) | 5220 |
| 245 10 - TITLE STATEMENT | |
| Title | Rôle et fonctions du mokambi (responsable laïc) de paroisse : |
| Remainder of title | rôle et fonctions de l'assistant(e) paroissial(e) et de l'animateur pastoral / |
| Statement of responsibility, etc | préface par S. Em. le Cardinal Malula. |
| 260 ## - PUBLICATION, DISTRIBUTION, ETC. (IMPRINT) | |
| Place of publication, distribution, etc | [Kinshasa] : |
| Name of publisher, distributor, etc | Archidiocèse de Kinshasa, Commission des ministères laïcs, |
| Date of publication, distribution, etc | 1985. |
| 300 ## - PHYSICAL DESCRIPTION | |
| Extent | 120 p. ; |
| 610 20 - SUBJECT ADDED ENTRY--CORPORATE NAME | |
| Corporate name or jurisdiction name as entry element | Catholic Church |
| General subdivision | Government. |
| 9 (RLIN) | 5221 |
| 650 #0 - SUBJECT ADDED ENTRY--TOPICAL TERM | |
| Topical term or geographic name as entry element | Laity |
| General subdivision | Catholic Church. |
| 9 (RLIN) | 5222 |
| 650 #0 - SUBJECT ADDED ENTRY--TOPICAL TERM | |
| Topical term or geographic name as entry element | Pastoral theology |
| General subdivision | Catholic Church. |
| 9 (RLIN) | 5223 |
| 906 ## - LOCAL DATA ELEMENT F, LDF (RLIN) | |
| a | 7 |
| b | cbc |
| c | orignew |
| d | 4 |
| e | ncip |
| f | 19 |
| g | y-gencatlg |
| 942 ## - ADDED ENTRY ELEMENTS (KOHA) | |
| Source of classification or shelving scheme | Library of Congress Classification |
| Koha item type | Monograph ( Printed materials) |
| Withdrawn status | Lost status | Source of classification or shelving scheme | Damaged status | Not for loan | Home library | Current library | Shelving location | Date acquired | Total Checkouts | Full call number | Barcode | Date last seen | Price effective from | Koha item type |
|---|---|---|---|---|---|---|---|---|---|---|---|---|---|---|
| Library of Congress Classification | ARRUPE LIBRARY | ARRUPE LIBRARY | Main Collection | 05/12/2013 | BX1913. R745 1985 | 464123333 | 22/11/2017 | 05/12/2013 | Monograph ( Printed materials) |